[Event "Tula Afromeev Memorial"]
[Site "Tula"]
[Date "2004.07.16"]
[Round "15"]
[White "Savon, Vladimir A"]
[Black "Malaniuk, Vladimir P"]
[Result "1/2-1/2"]
[WhiteElo "2461"]
[BlackElo "2513"]
[PlyCount "22"]
[EventDate "2004.07.07"]
[EventType "tourn"]
[EventRounds "15"]
[EventCountry "RUS"]
[EventCategory "8"]
[SourceTitle "EXT 2006"]
[Source "ChessBase"]
[SourceDate "2005.11.24"]
[SourceVersion "1"]
[SourceVersionDate "2005.11.24"]
[SourceQuality "1"]

1. d4 f5 2. c4 Nf6 3. Nc3 g6 4. g3 Bg7 5. Bg2 0-0 6. Nf3 d6 7. 0-0 Qe8 8. d5 a5 9. Nd4 Na6 10. b3 Bd7 11. Bb2 c6 1/2-1/2

[Event "Tula Afromeev Memorial"]
[Site "Tula"]
[Date "2004.07.14"]
[Round "11"]
[White "Savon, Vladimir A"]
[Black "Sambuev, Bator"]
[Result "1/2-1/2"]
[WhiteElo "2461"]
[BlackElo "2562"]
[PlyCount "25"]
[EventDate "2004.07.07"]
[EventType "tourn"]
[EventRounds "15"]
[EventCountry "RUS"]
[EventCategory "8"]
[SourceTitle "EXT 2006"]
[Source "ChessBase"]
[SourceDate "2005.11.24"]
[SourceVersion "1"]
[SourceVersionDate "2005.11.24"]
[SourceQuality "1"]

1. c4 c6 2. Nc3 d5 3. e3 Nf6 4. Nf3 a6 5. d4 b5 6. cxd5 cxd5 7. Bd3 Bb7 8. 0-0 e6 9. b3 Be7 10. Bb2 Nbd7 11. Ne5 0-0 12. Ne2 Rc8 13. f3 1/2-1/2

[Event "Tula Timashkov Memorial"]
[Site "Tula"]
[Date "2004.04.26"]
[Round "4"]
[White "Savon, Vladimir A"]
[Black "Afromeev, Vladimir"]
[Result "1/2-1/2"]
[WhiteElo "2437"]
[BlackElo "2537"]
[PlyCount "31"]
[EventDate "2004.04.??"]
[EventType "tourn"]
[EventRounds "13"]
[EventCountry "RUS"]
[EventCategory "8"]
[SourceTitle "EXT 2005"]
[Source "ChessBase"]
[SourceDate "2004.11.15"]
[SourceVersion "1"]
[SourceVersionDate "2004.11.15"]
[SourceQuality "1"]

1. e4 e5 2. Nf3 Nf6 3. Nxe5 Qe7 4. d4 Nc6 5. Nf3 Qxe4+ 6. Be2 d5 7. 0-0 Bg4 8. Nc3 Qe6 9. Bf4 Bd6 10. Bxd6 Qxd6 11. Re1 0-0 12. h3 Bh5 13. Ne5 Bxe2 14. Rxe2 a6 15. Nxc6 Qxc6 16. Qd3 1/2-1/2

[Event "Tula Timashkov Memorial"]
[Site "Tula"]
[Date "2004.04.25"]
[Round "3"]
[White "Andreev, Eduard"]
[Black "Savon, Vladimir A"]
[Result "1/2-1/2"]
[WhiteElo "2445"]
[BlackElo "2437"]
[PlyCount "31"]
[EventDate "2004.04.??"]
[EventType "tourn"]
[EventRounds "13"]
[EventCountry "RUS"]
[EventCategory "8"]
[SourceTitle "EXT 2005"]
[Source "ChessBase"]
[SourceDate "2004.11.15"]
[SourceVersion "1"]
[SourceVersionDate "2004.11.15"]
[SourceQuality "1"]

1. e4 e6 2. d4 d5 3. Nd2 Be7 4. Bd3 b6 5. Qe2 Nf6 6. Ngf3 Bb7 7. 0-0 dxe4 8. Nxe4 Nxe4 9. Bxe4 Bxe4 10. Qxe4 Qd5 11. Qxd5 exd5 12. Bf4 Na6 13. Rfe1 f6 14. Re2 Kd7 15. Rae1 Rhe8 16. c3 1/2-1/2

[Event "Tula Timashkov Memorial"]
[Site "Tula"]
[Date "2004.04.25"]
[Round "2"]
[White "Savon, Vladimir A"]
[Black "Zaitsev, Alexander"]
[Result "1-0"]
[WhiteElo "2437"]
[BlackElo "2370"]
[PlyCount "103"]
[EventDate "2004.04.??"]
[EventType "tourn"]
[EventRounds "13"]
[EventCountry "RUS"]
[EventCategory "8"]
[SourceTitle "EXT 2005"]
[Source "ChessBase"]
[SourceDate "2004.11.15"]
[SourceVersion "1"]
[SourceVersionDate "2004.11.15"]
[SourceQuality "1"]

1. d4 Nf6 2. c4 e6 3. Nc3 Bb4 4. Qc2 d5 5. cxd5 Qxd5 6. e3 c5 7. Bd2 Bxc3 8. Bxc3 cxd4 9. Bxd4 Nc6 10. Bc3 0-0 11. Nf3 Rd8 12. Be2 Qc5 13. Rc1 Bd7 14. 0-0 Qe7 15. Rfd1 Rac8 16. Qb3 Be8 17. Rxd8 Rxd8 18. g3 Nd5 19. Be1 Nf6 20. a3 e5 21. Bb4 Qc7 22. Qc2 Nd5 23. Ng5 g6 24. Be1 Qe7 25. Ne4 h5 26. b4 a6 27. h4 Kg7 28. Qb3 f6 29. Qc2 Rc8 30. Qc5 Qxc5 31. Nxc5 Rb8 32. Bf3 Nc7 33. Nxb7 Rxb7 34. Bxc6 Rb6 35. Bxe8 Nxe8 36. a4 Kf7 37. Kf1 Ke6 38. Ke2 g5 39. Rc5 gxh4 40. gxh4 Nd6 41. f3 Kd7 42. e4 Rb8 43. Ra5 Rb6 44. Rd5 Kc6 45. Kd3 Ne8 46. Rc5+ Kd7 47. Kc3 Nd6 48. Bf2 Rb8 49. Rd5 Kc6 50. Bc5 Nc8 51. Rd8 a5 52. Rf8 1-0

[Event "Serpukhov-A"]
[Site "Serpukhov"]
[Date "2003.??.??"]
[Round "5"]
[White "Kovchan, Alexander"]
[Black "Savon, Vladimir A"]
[Result "1-0"]
[WhiteElo "2536"]
[BlackElo "2418"]
[PlyCount "100"]
[EventDate "2003.01.??"]
[EventType "tourn"]
[EventRounds "17"]
[EventCountry "RUS"]
[EventCategory "8"]
[SourceTitle "EXT 2004"]
[Source "ChessBase"]
[SourceDate "2003.11.25"]
[SourceVersion "1"]
[SourceVersionDate "2003.11.25"]
[SourceQuality "1"]

1. e4 e5 2. Nf3 Nc6 3. d4 exd4 4. Nxd4 Bc5 5. Nxc6 bxc6 6. Nc3 Qf6 7. Qd2 Ne7 8. Na4 Bb6 9. Bd3 d6 10. 0-0 0-0 11. c3 h6 12. b3 Ng6 13. Nxb6 axb6 14. f4 Ba6 15. Bxa6 Rxa6 16. Bb2 Ra5 17. c4 Qh4 18. e5 dxe5 19. f5 Rd8 20. Qe3 Nf8 21. Bc3 Ra7 22. Qxe5 f6 23. Qe2 Raa8 24. Qf3 c5 25. Rae1 Re8 26. a4 Nh7 27. Qd5+ Kh8 28. Qf7 Rxe1 29. Rxe1 Ng5 30. Qd5 Rb8 31. Re7 Qg4 32. Qd3 c6 33. h3 Qf4 34. Bd2 Qh4 35. Be1 Qh5 36. Qd7 Rg8 37. Qxc6 Qd1 38. h4 Nf7 39. Qd5 Qxd5 40. cxd5 Nd6 41. g4 Rd8 42. Bg3 Kg8 43. Re6 Nf7 44. d6 h5 45. g5 fxg5 46. hxg5 Nxg5 47. Rg6 h4 48. Rxg5 hxg3 49. Rg6 Kf7 50. Kg2 Re8 1-0

[Event "Serpukhov-A"]
[Site "Serpukhov"]
[Date "2003.??.??"]
[Round "13"]
[White "Loskutov, Oleg"]
[Black "Savon, Vladimir A"]
[Result "1/2-1/2"]
[WhiteElo "2447"]
[BlackElo "2418"]
[PlyCount "83"]
[EventDate "2003.01.??"]
[EventType "tourn"]
[EventRounds "17"]
[EventCountry "RUS"]
[EventCategory "8"]
[SourceTitle "EXT 2004"]
[Source "ChessBase"]
[SourceDate "2003.11.25"]
[SourceVersion "1"]
[SourceVersionDate "2003.11.25"]
[SourceQuality "1"]

1. e4 e5 2. Nf3 Nc6 3. Bb5 a6 4. Ba4 Nf6 5. 0-0 b5 6. Bb3 Be7 7. Re1 d6 8. c3 0-0 9. a3 Na5 10. Ba2 c5 11. d4 c4 12. Nbd2 Qc7 13. Bb1 Bg4 14. h3 Bh5 15. d5 Nd7 16. Bc2 Nc5 17. Rb1 Bd8 18. Nf1 Nab3 19. Be3 Bxf3 20. Qxf3 Qe7 21. Qd1 Rb8 22. Ng3 g6 23. Kh2 Qh4 24. Ne2 Bg5 25. g3 Qh6 26. f4 exf4 27. gxf4 Bh4 28. Ng3 Rbe8 29. Qf3 Nd3 30. Bxd3 cxd3 31. Rbd1 Bxg3+ 32. Kxg3 f5 33. exf5 Rxf5 34. Rxd3 Nc5 35. Rd4 Qf8 36. Bf2 Rxe1 37. Bxe1 Qf7 38. Bf2 Nd7 39. Qe4 Nf6 40. Qe6 Nxd5 41. Qc8+ Qf8 42. Qe6+ 1/2-1/2

[Event "Serpukhov-A"]
[Site "Serpukhov"]
[Date "2003.??.??"]
[Round "12"]
[White "Savon, Vladimir A"]
[Black "Dyachkov, Sergej"]
[Result "1-0"]
[WhiteElo "2418"]
[BlackElo "2545"]
[PlyCount "41"]
[EventDate "2003.01.??"]
[EventType "tourn"]
[EventRounds "17"]
[EventCountry "RUS"]
[EventCategory "8"]
[SourceTitle "EXT 2004"]
[Source "ChessBase"]
[SourceDate "2003.11.25"]
[SourceVersion "1"]
[SourceVersionDate "2003.11.25"]
[SourceQuality "1"]

1. d4 Nf6 2. c4 g6 3. Nf3 Bg7 4. Nc3 d6 5. g3 0-0 6. Bg2 c6 7. 0-0 Qa5 8. e4 Be6 9. Nd2 Qb6 10. Ne2 Nfd7 11. d5 cxd5 12. exd5 Bf5 13. Nb3 Ne5 14. Nbd4 Bd7 15. b3 a5 16. h3 a4 17. Be3 axb3 18. axb3 Rxa1 19. Qxa1 Qb4 20. Qa2 b6 21. f4 1-0

[Event "Serpukhov-A"]
[Site "Serpukhov"]
[Date "2003.??.??"]
[Round "2"]
[White "Savon, Vladimir A"]
[Black "Palekha, Alexey"]
[Result "1/2-1/2"]
[WhiteElo "2418"]
[BlackElo "2421"]
[PlyCount "46"]
[EventDate "2003.01.??"]
[EventType "tourn"]
[EventRounds "17"]
[EventCountry "RUS"]
[EventCategory "8"]
[SourceTitle "EXT 2004"]
[Source "ChessBase"]
[SourceDate "2003.11.25"]
[SourceVersion "1"]
[SourceVersionDate "2003.11.25"]
[SourceQuality "1"]

1. d4 Nf6 2. c4 e6 3. Nc3 c5 4. d5 exd5 5. cxd5 Bd6 6. Nf3 0-0 7. Nd2 Be5 8. Nc4 Bxc3+ 9. bxc3 Ne4 10. Nd2 f5 11. Bb2 d6 12. e3 Nd7 13. Be2 Ndf6 14. 0-0 Bd7 15. a4 Qe7 16. c4 Rae8 17. Ra3 Bc8 18. Re1 Nxd2 19. Qxd2 Ne4 20. Qc2 Qh4 21. Bf1 Qe7 22. f3 Nf6 23. Qf2 Nd7 1/2-1/2

[Event "Sudak"]
[Site "Sudak"]
[Date "2002.08.08"]
[Round "9"]
[White "Savon, Vladimir A"]
[Black "Kulicov, Oleg Anatolie"]
[Result "1/2-1/2"]
[WhiteElo "2421"]
[BlackElo "2397"]
[PlyCount "28"]
[EventDate "2002.08.02"]
[EventType "tourn"]
[EventRounds "13"]
[EventCountry "UKR"]
[EventCategory "7"]
[SourceTitle "CBM 089 Extra"]
[Source "ChessBase"]
[SourceDate "2002.09.10"]
[SourceVersion "2"]
[SourceVersionDate "2002.09.10"]
[SourceQuality "1"]

1. d4 Nf6 2. c4 c5 3. d5 b5 4. cxb5 a6 5. b6 Qxb6 6. Nc3 d6 7. e4 g6 8. Nf3 Bg7 9. Be2 0-0 10. Nd2 Nbd7 11. Nc4 Qb8 12. Bf4 a5 13. Qc2 Nb6 14. Ne3 a4 1/2-1/2

[Event "Sudak"]
[Site "Sudak"]
[Date "2002.08.07"]
[Round "8"]
[White "Vozovic, Oksana"]
[Black "Savon, Vladimir A"]
[Result "0-1"]
[WhiteElo "2291"]
[BlackElo "2421"]
[PlyCount "80"]
[EventDate "2002.08.02"]
[EventType "tourn"]
[EventRounds "13"]
[EventCountry "UKR"]
[EventCategory "7"]
[SourceTitle "CBM 089 Extra"]
[Source "ChessBase"]
[SourceDate "2002.09.10"]
[SourceVersion "2"]
[SourceVersionDate "2002.09.10"]
[SourceQuality "1"]

1. e4 c5 2. Nf3 e6 3. b3 b6 4. c4 Bb7 5. Nc3 d6 6. d4 cxd4 7. Nxd4 Nf6 8. Bd3 Nbd7 9. Qe2 Be7 10. Bb2 0-0 11. Rd1 Re8 12. 0-0 Bf8 13. Bb1 a6 14. Rd3 g6 15. f4 e5 16. fxe5 Nxe5 17. Rdd1 Rc8 18. h3 Bg7 19. Qf2 Qc7 20. Nd5 Nxd5 21. exd5 Re7 22. Qg3 Rce8 23. Rf2 Bc8 24. Rdf1 Qc5 25. Qf4 Bd7 26. a4 f5 27. Kh1 Nf7 28. Qd2 h6 29. Ba2 Ng5 30. b4 Qc8 31. Qc2 Re3 32. c5 bxc5 33. bxc5 dxc5 34. d6+ Kh7 35. Bd5 cxd4 36. Qd2 Ne4 37. Bxe4 R8xe4 38. Rc1 Qe8 39. Rc7 Re1+ 40. Kh2 Qe5+ 0-1

[Event "Sudak"]
[Site "Sudak"]
[Date "2002.08.05"]
[Round "5"]
[White "Savon, Vladimir A"]
[Black "Malinin, Vasily Borisovich"]
[Result "0-1"]
[WhiteElo "2421"]
[BlackElo "2434"]
[PlyCount "60"]
[EventDate "2002.08.02"]
[EventType "tourn"]
[EventRounds "13"]
[EventCountry "UKR"]
[EventCategory "7"]
[SourceTitle "CBM 089 Extra"]
[Source "ChessBase"]
[SourceDate "2002.09.10"]
[SourceVersion "2"]
[SourceVersionDate "2002.09.10"]
[SourceQuality "1"]

1. d4 Nc6 2. Nf3 d5 3. c4 Bg4 4. cxd5 Bxf3 5. gxf3 Qxd5 6. e3 e5 7. Nc3 Bb4 8. Bd2 Bxc3 9. bxc3 Qd6 10. Rb1 Nge7 11. Rxb7 0-0 12. Bd3 f5 13. 0-0 f4 14. Kh1 Rf6 15. Rg1 Raf8 16. exf4 exd4 17. c4 Nd8 18. Rxa7 Ne6 19. Qe2 Nxf4 20. Bxf4 Rxf4 21. Rg3 Nf5 22. Bxf5 R4xf5 23. Kg2 h5 24. Qd3 h4 25. Rg4 h3+ 26. Kg1 Rxf3 27. Qxd4 Qxd4 28. Rxd4 Rxf2 29. Rd1 Rg2+ 30. Kh1 Rff2 0-1

[Event "Sudak"]
[Site "Sudak"]
[Date "2002.08.03"]
[Round "3"]
[White "Savon, Vladimir A"]
[Black "Areshchenko, Alexander"]
[Result "1/2-1/2"]
[WhiteElo "2421"]
[BlackElo "2533"]
[PlyCount "78"]
[EventDate "2002.08.02"]
[EventType "tourn"]
[EventRounds "13"]
[EventCountry "UKR"]
[EventCategory "7"]
[SourceTitle "CBM 089 Extra"]
[Source "ChessBase"]
[SourceDate "2002.09.10"]
[SourceVersion "2"]
[SourceVersionDate "2002.09.10"]
[SourceQuality "1"]

1. g3 Nf6 2. Bg2 g6 3. e4 d6 4. d4 Bg7 5. Nc3 0-0 6. Nge2 e5 7. h3 Nc6 8. Be3 exd4 9. Nxd4 Nxd4 10. Bxd4 Be6 11. 0-0 Qd7 12. Kh2 Rae8 13. Qd2 Nh5 14. Bxg7 Nxg7 15. Rad1 Qc8 16. Qd4 a6 17. f4 f5 18. Rfe1 b6 19. Nd5 Bxd5 20. Qxd5+ Kh8 21. e5 Re6 22. exd6 Rxd6 23. Qb7 Rxd1 24. Rxd1 a5 25. c3 Qxb7 26. Bxb7 Ne6 27. b4 Rd8 28. Rd5 Rxd5 29. Bxd5 Nd8 30. bxa5 bxa5 31. Kg2 Kg7 32. Kf3 c6 33. Bb3 Nb7 34. Ke3 c5 35. Bd5 Nd6 36. Kd3 Kf6 37. Kc2 Nc8 38. Kd3 Nb6 39. Bf3 h5 1/2-1/2

[Event "Cherepovets"]
[Site "Cherepovets"]
[Date "2002.??.??"]
[Round "?"]
[White "Kuprijanov, Ilija"]
[Black "Savon, Vladimir A"]
[Result "1/2-1/2"]
[WhiteElo "2404"]
[BlackElo "2421"]
[PlyCount "40"]
[EventDate "2002.02.??"]
[EventType "tourn"]
[EventRounds "14"]
[EventCountry "RUS"]
[EventCategory "6"]
[SourceTitle "EXT 2003"]
[Source "ChessBase"]
[SourceDate "2002.11.25"]
[SourceVersion "1"]
[SourceVersionDate "2002.11.25"]
[SourceQuality "1"]

1. e4 c6 2. d4 d5 3. exd5 cxd5 4. c4 e6 5. Nc3 Bb4 6. Nf3 Nf6 7. Bd3 dxc4 8. Bxc4 0-0 9. 0-0 b6 10. Bg5 Bb7 11. Qe2 Nbd7 12. Ne5 Bxc3 13. bxc3 Qc7 14. Nxd7 Nxd7 15. Rac1 e5 16. Rfe1 Rae8 17. Bb3 Qc6 18. f3 Qg6 19. Bh4 e4 20. Bg3 Nf6 1/2-1/2

[Event "Cherepovets"]
[Site "Cherepovets"]
[Date "2002.??.??"]
[Round "?"]
[White "Savon, Vladimir A"]
[Black "Bratchenko, Alexander"]
[Result "1-0"]
[WhiteElo "2421"]
[BlackElo "2384"]
[PlyCount "81"]
[EventDate "2002.02.??"]
[EventType "tourn"]
[EventRounds "14"]
[EventCountry "RUS"]
[EventCategory "6"]
[SourceTitle "EXT 2003"]
[Source "ChessBase"]
[SourceDate "2002.11.25"]
[SourceVersion "1"]
[SourceVersionDate "2002.11.25"]
[SourceQuality "1"]

1. c4 e5 2. Nc3 f5 3. g3 Nf6 4. Bg2 d6 5. d3 g6 6. e4 fxe4 7. Nxe4 Nxe4 8. Bxe4 Nd7 9. Be3 Nf6 10. Bg2 Bg7 11. Ne2 c6 12. Nc3 Be6 13. 0-0 Qd7 14. Qe2 0-0 15. d4 Ng4 16. d5 Bf5 17. Bd2 Nf6 18. b4 Rac8 19. Rac1 Rfe8 20. Bg5 c5 21. a3 b6 22. Bxf6 Bxf6 23. Ne4 Be7 24. h4 Rf8 25. Kh2 Rf7 26. bxc5 bxc5 27. Rb1 Rcf8 28. Rb5 Qd8 29. Kg1 h6 30. Rfb1 g5 31. hxg5 Bxg5 32. Rb8 Qa5 33. R1b5 Qc7 34. R5b7 Qxb7 35. Rxb7 Rxb7 36. Nxd6 Rb1+ 37. Kh2 Bg6 38. Be4 Bxe4 39. Nxe4 Ra1 40. d6 Rxa3 41. Qb2 1-0

[Event "Cherepovets"]
[Site "Cherepovets"]
[Date "2002.??.??"]
[Round "?"]
[White "Savon, Vladimir A"]
[Black "Sazhin, Evgeny"]
[Result "1/2-1/2"]
[WhiteElo "2421"]
[BlackElo "2415"]
[PlyCount "31"]
[EventDate "2002.02.??"]
[EventType "tourn"]
[EventRounds "14"]
[EventCountry "RUS"]
[EventCategory "6"]
[SourceTitle "EXT 2003"]
[Source "ChessBase"]
[SourceDate "2002.11.25"]
[SourceVersion "1"]
[SourceVersionDate "2002.11.25"]
[SourceQuality "1"]

1. d4 Nf6 2. c4 g6 3. Nc3 Bg7 4. e4 d6 5. Nf3 0-0 6. Be2 e5 7. d5 a5 8. 0-0 Na6 9. Bg5 h6 10. Bh4 Bd7 11. Ne1 Qe8 12. Bxf6 Bxf6 13. Bg4 Bxg4 14. Qxg4 h5 15. Qe2 Bg5 16. Nd3 1/2-1/2

[Event "UKR-ch"]
[Site "Ordzhonikidze"]
[Date "2001.09.11"]
[Round "4"]
[White "Savon, Vladimir A"]
[Black "Kazakov, Mikhail"]
[Result "1-0"]
[WhiteElo "2449"]
[BlackElo "2496"]
[PlyCount "101"]
[EventDate "2001.09.08"]
[EventType "swiss"]
[EventRounds "9"]
[EventCountry "UKR"]
[SourceTitle "CBM 086"]
[Source "ChessBase"]
[SourceDate "2002.02.05"]
[SourceVersion "1"]
[SourceVersionDate "2002.02.05"]
[SourceQuality "1"]

1. d4 g6 2. Nf3 Bg7 3. c4 Nf6 4. Nc3 0-0 5. e4 d6 6. Be2 Na6 7. 0-0 e5 8. d5 Nc5 9. Bg5 h6 10. Bxf6 Qxf6 11. b4 Nd7 12. Nd2 Qe7 13. Rc1 f5 14. c5 Nf6 15. Bd3 h5 16. Nc4 f4 17. Be2 Kh8 18. Re1 Bh6 19. Rc2 Rg8 20. Nb5 Ne8 21. a4 Bf8 22. Qc1 Qg5 23. cxd6 Bh3 24. Bf1 cxd6 25. Na5 Rg7 26. Qa3 Bd7 27. Rec1 Nf6 28. f3 Bxb5 29. Bxb5 b6 30. Nb3 Qh4 31. Nd2 g5 32. Bf1 g4 33. Qd3 Be7 34. Rc8+ Rxc8 35. Rxc8+ Kh7 36. Qe2 a5 37. b5 gxf3 38. Nxf3 Qg4 39. Rc6 Nd7 40. Nd2 Qg6 41. Qf3 Nc5 42. Nc4 Nxa4 43. Nxe5 Qg5 44. Nc4 Qg4 45. Qxg4 hxg4 46. Nxd6 Bxd6 47. Rxd6 Re7 48. Rc6 Kg7 49. d6 Rd7 50. e5 Nc5 51. Bc4 1-0

[Event "UKR-ch"]
[Site "Ordzhonikidze"]
[Date "2001.09.10"]
[Round "3"]
[White "Miroshnichenko, Evgenij"]
[Black "Savon, Vladimir A"]
[Result "1/2-1/2"]
[WhiteElo "2539"]
[BlackElo "2449"]
[PlyCount "73"]
[EventDate "2001.09.08"]
[EventType "swiss"]
[EventRounds "9"]
[EventCountry "UKR"]
[SourceTitle "CBM 086"]
[Source "ChessBase"]
[SourceDate "2002.02.05"]
[SourceVersion "1"]
[SourceVersionDate "2002.02.05"]
[SourceQuality "1"]

1. e4 e6 2. d4 d5 3. Nd2 Nf6 4. e5 Nfd7 5. Bd3 c5 6. c3 b6 7. Ne2 Ba6 8. Bxa6 Nxa6 9. 0-0 g6 10. c4 Bg7 11. cxd5 exd5 12. f4 0-0 13. f5 Re8 14. f6 Bf8 15. Nf3 cxd4 16. Nexd4 Nxe5 17. Nxe5 Rxe5 18. Nc6 Qe8 19. Nxe5 Qxe5 20. Bf4 Qe6 21. Re1 Qd7 22. Qf3 Nc5 23. Rad1 Rd8 24. Re2 Ne6 25. Kh1 Bc5 26. Red2 d4 27. Be5 a5 28. b3 h6 29. Rd3 Kh7 30. Bf4 Qd5 31. Qg3 g5 32. Be5 Qe4 33. Re1 Qf5 34. Rf3 Qg6 35. Rd3 Qf5 36. Rf3 Qg6 37. Rd3 1/2-1/2